000 00479nam a2200193 a 4500
001 1755693042390
003 ACL
005 20250820180652.0
008 250820s2010##################000#0#eng##
020 _a9780486990422
082 0 4 _a741.674
_bGRA
100 1 _aGrafton, Carol Belanger,
_eauthor.
245 1 0 _a60 Great Travel Posters :
260 _bCourier Corporation,
_c2010.
300 _a68 pages
650 0 _aDesign.
942 _cENGLISH
040 _aACL
_beng
_cACL
999 _c583319
_d583319